000 00591nam a2200193Ia 4500
005 20250508150659.0
008 008 250505s9999 xx 000 0 eng d
037 _aReference
040 _aFEDL
_beng
_cFEDL
041 _aeng
_2eng
084 _a300.7, HOR
_qFEDL
100 _aHorn Ernest
_9189369
245 0 _aMethods of instruction in the social studies
260 _aNew York, USA
_bCharles Scribner's Sons
_c1937
300 _axix,523p.
490 _aReport of the commission on the social studies Part 15
942 _cREF
_h300.7, HOR
999 _c1325017
_d1325017